000
00307nam a2200133Ia 4500
008
150301s2015 xx 000 0 und d
082
_a
629.895
_b
P07N
100
_a
NIIT
245
_a
PRESENTING & MANGING- POWER POINT 2007
260
_b
NIIT
300
_a
352
650
_a
PHARMACEUTICS
942
_2
ddc
_c
BK
999
_c
7384
_d
7384